Conferencia diplomática sobre la reafirmación y el desarrollo del derecho internacional humanitario aplicable en los conflictos armados: resumen del tercer periodo de sesiones

Guardat en:
Dades bibliogràfiques
Autor corporatiu: Comité Internacional de la Cruz Roja (Autor)
Format: Llibre
Idioma:espanyol
Publicat: Ginebra Comité Internacional de la Cruz Roja 1976
Matèries:
Etiquetes: Afegir etiqueta
Sense etiquetes, Sigues el primer a etiquetar aquest registre!

MARC

LEADER 00000nam a2200000 a 4500
001 UCT9527
003 CL-VaPUC
008 970404e19760000SZ |||||||||||||||||spa|d
082 0 4 |a 341.6  |b COM  |2 21 
110 2 |a Comité Internacional de la Cruz Roja  |e author  |9 382326 
245 1 0 |a Conferencia diplomática sobre la reafirmación y el desarrollo del derecho internacional humanitario aplicable en los conflictos armados: resumen del tercer periodo de sesiones 
300 |a 28 p 
942 |c BK 
945 |d 19970404 00:00:00  |a lriquelm 
260 |a Ginebra  |b Comité Internacional de la Cruz Roja  |c 1976 
500 |a Extracto de la Revista Internacional de la Cruz Roja, Septiembre de 1976 
650 0 |a Derecho internacional  |9 255637 
650 0 |a Guerra  |9 255876 
650 0 |a Prisioneros de guerra  |9 350908 
650 7 |a DERECHOS DE LOS PRISIONEROS DE GUERRA  |2 CL-VaPUC  |9 382327 
650 7 |a POBLACION CIVIL  |2 CL-VaPUC  |9 382328 
650 7 |a HERIDOS DE GUERRA  |2 CL-VaPUC  |9 382309 
583 |a last modification  |c 20161003 01:21:00  |k Rodrigo Vera 
999 |c 257922  |d 257920 
952 |0 0  |1 0  |2 ddc  |4 0  |6 341_600000000000000_COM_1976  |7 0  |8 A  |9 281647  |a BIBDER  |b BIBDER  |d 2019-11-19  |i 1822950  |o 341.6 COM 1976  |p 1822950  |r 2023-01-25  |w 2019-11-19  |y MX  |k DER